[Event "COL-ch Fensecoop 5th"]
[Site "Bogota"]
[Date "2011.??.??"]
[Round "4.6"]
[White "Cordero, Victor"]
[Black "Timaran, Jairo"]
[Result "0-1"]
[WhiteElo "1712"]
[BlackElo "1598"]
[PlyCount "90"]
[EventDate "2011.06.28"]
[EventType "swiss"]
[EventRounds "7"]
[EventCountry "COL"]
[SourceTitle "EXT 2024"]
[Source "ChessBase"]
[SourceDate "2023.10.10"]
[SourceVersion "1"]
[SourceVersionDate "2023.10.10"]
[SourceQuality "1"]

1. e4 g6 2. Nf3 Bg7 3. c3 d6 4. d4 Nf6 5. Bd3 0-0 6. 0-0 Nc6 7. h3 e5 8. Be3 h6 9. Nbd2 Kh7 10. Nh2 Nh5 11. d5 Ne7 12. Be2 Nf4 13. Ndf3 g5 14. Kh1 Neg6 15. Ng1 Nxe2 16. Nxe2 f5 17. exf5 Bxf5 18. Ng3 Qd7 19. Qh5 Nf4 20. Bxf4 Bg6 21. Qg4 Qxg4 22. hxg4 exf4 23. Nh5 Rae8 24. Rae1 Be4 25. Nxg7 Kxg7 26. c4 Bd3 27. Rxe8 Rxe8 28. Rc1 Re2 29. c5 dxc5 30. Nf3 b6 31. Re1 Rxe1+ 32. Nxe1 Bc4 33. a3 Bxd5 34. Nd3 Kf6 35. f3 a5 36. Kg1 c4 37. Ne1 c5 38. Kf2 b5 39. Ke2 Ke5 40. Kd2 b4 41. Nc2 Bf7 42. Ne1 Bg6 43. Nc2 Bxc2 44. Kxc2 bxa3 45. bxa3 Kd4 0-1